000 00729nam a2200205 i 4500
001 61276
003 ES-MaACL
007 t|
008 031111s1985 sp ||||1| spa d
020 _a84-206-0100-4
100 1 _aEuler, Leonhard.
_948330
245 1 0 _aReflexiones sobre el espacio, la fuerza y la materia /
_cLeonhard Euler ; introducción, selección, traducción y notas de Ana Rioja.
260 _aMadrid :
_bAlianza,
_c1985.
300 _a185 p. ;
_c18 cm.
490 1 _aEl libro de bolsillo. Sección ciencia y técnica ;
_v1100
700 1 _aRioja, Ana.
_997347
830 0 3 _aEl libro de bolsillo.
_pCiencia y técnica
_v1100
_9181079
852 _aES-MaACL
_jL-9353
_bR.111243
999 _c61276
_d61276